000
00269nam a2200097Ia 4500
008
220204s9999 xx 000 0 und d
082
_a
339.138
_b
MAR
245
0
_a
Market survey of Libya, Algeria, Morocco, Senegal and Gambia
260
_a
Bombay
_b
PLEPC
_c
1973
942
_c
BK
999
_c
22168
_d
22168